000 00895nam a2200325Ia 4500
008 170203s9999 xx 000 0 und d
050 _aFic
050 _bM478h
100 _aMcElroy, Laurie.
245 _aNightmare on Hannah Street /
245 _cadapted by Laurie McElroy.
260 _aNew York, N.Y. :
260 _bDisney Press,
260 _c©2007.
300 _a126 pages, [8] pages of plates :
300 _bcolor illustrations ;
300 _c20 cm.
440 _aHannah Montana (Disney Press),
440 _v#7.
500 _a"Based on the series created by Michael Poryes and Rich Correll & Barry O'Brien."
650 _aGrandmothers --
650 _aGrandmothers.
650 _aHalloween --
650 _aSingers --
650 _aTeenage girls --
650 _xFiction.
650 _xFiction.
650 _xFiction.
650 _xFiction.
999 _c306440
_d306440